000 00661nam a2200241Ia 4500
003 OSt
005 20220924113111.0
006 a|||||r|||| 00| 0
007 ta
008 220923b |||||||| |||| 00| 0 eng d
024 _a58777
037 _cDictionary
040 _aARTS
_cARTS
_beng
041 _2eng
_aeng
082 _aP15:4k, 33L4 (RR)
100 _aBhat K Krishana
_9169465
245 0 _aSanskrit Kannada suvarhakosha
260 _aPordala
_bJanta Power Press
_c1974
300 _aix,646,10p.
_ccm.
650 _aLINGUISTICS
942 _hP15:4k, 33L4 (RR)
_cdic
_2cc
999 _c389226
_d389226